000 00807nam a22002057a 4500
999 _c3910
_d3910
003 AR-CdUCM
008 190307b ||||| |||| 00| 0 spa d
040 _aMUNICIPALIDAD PROVINCIAL DEL CUSCO
_cBIBLIOTECA MUNICIPAL DEL CUSCO
082 _a869.56 /
_bM64
100 _aMiró Quesada, Aurelio
_92994
245 _aTiempo de leer, tiempo de escribir /
260 _aLima :
_bEmpresa Editora El Comercio,
_c2004.
300 _a402 paginas ;
_c21 cm.
505 _aContenido :Las ideas lingüísticas del inca Garcilaso -- El inca Garcilaso y las islas canarias -- Temas de historia -- La universidad y el cabildo de Lima -- La resonancia en Lima ...
650 _aLiteratura peruana
_9169
650 _aHistoria y crítica
_95993
650 _aEnsayos peruanos
_9233
942 _2ddc
_cLIBROS
945 _arum